00261nam a2200109 a 4500008004100000050001500041100003300056245003200089250001200121260000900133350000900142120416s1971 xx |||||||||||||| || u aTT 305 Har aHarvey, Alfred ArthurBernard10aPaint finishing in industry a2nd ed. c1971 a0.00